[Event "ICS Rated blitz match"]
[Site "204.178.125.65"]
[Date "1999.08.20"]
[Round "?"]
[White "Sidis"]
[Black "Hossa"]
[Result "0-1"]
[WhiteElo "2075"]
[BlackElo "2468"]
[Annotator "Fritz 5.32 (15s)"]
[PlyCount "39"]

1. e4 1... c5 {Opening = B26 - 6.Be3} 2. Nc3 Nc6 3. g3 g6 4. Bg2 Bg7 5. d3 d6
6. Be3 f5 7. Qd2 fxe4 8. dxe4 8... Nf6 $146 (8... Ne5 9. f4 Nc4 10. Qd3 Nxe3
11. Qxe3 Nh6 12. Nge2 O-O 13. h3 b5 14. g4 b4 15. Nd1 Bb7 16. O-O Nf7 17. c3 a5
18. Nf2 Rb8 19. g5 bxc3 20. bxc3 e5 21. h4 exf4 22. Nxf4 Qe7 23. Bh3 {
Loeffler,M-Ochoa de Echaguen,F/FRA 1998/CBM 64 ext/0-1 (55)}) 9. h3 {Sichert g4
} 9... Nd4 $16 (9... O-O $5 $11 $142 {ist zu ueberlegen}) 10. Nge2 $14 (10.
Bxd4 $5 10... cxd4 11. Qxd4 $16) 10... Nxe2 11. Qxe2 Nd7 12. O-O 12... Bxc3 {
Schwarz muss dringend die Entwicklung vorantreiben.} 13. bxc3 Rf8 14. f4 Qc7
15. Qd3 Nf6 16. a4 Bd7 17. a5 Nh5 18. g4 18... Ng3 $16 (18... c4 $5 $142 {
steht zur Diskussion} 19. Qd2 19... Ng7 $11) 19. Rf3 $4 $15 {
danach wendet sich das Blatt} (19. Rfe1 $142 19... c4 20. Qd5 $16) 19... c4 20.
Qd4 $4 $19 {fuehrt zu weiterem Ungemach} (20. Qd1 $142 20... Nxe4 21. Qd4 $15)
0-1

[Event "ICS Rated blitz match"]
[Site "204.178.125.65"]
[Date "1999.08.20"]
[Round "?"]
[White "Zippy"]
[Black "Hossa"]
[Result "1-0"]
[WhiteElo "2281"]
[BlackElo "2471"]
[Annotator "Fritz 5.32 (15s)"]
[PlyCount "102"]

1. d4 1... d5 {Opening = D38 - 4.Nf3 Bb4(5.Bg5 ---)} 2. c4 e6 3. Nf3 Nf6 4. Bg5
Bb4+ 5. Nc3 c5 6. cxd5 exd5 7. dxc5 7... Bxc3+ $146 (7... O-O 8. e3 Be6 9. Rc1
Nbd7 10. a3 Bxc5 11. Be2 Rc8 12. O-O Be7 13. Nd4 Nc5 14. b4 Ncd7 15. Qb3 Nb6
16. Rfd1 Ne8 17. Bxe7 Qxe7 18. e4 Nc7 19. Nxe6 Qxe6 20. exd5 Ncxd5 21. Bf3 Nxc3
22. Rxc3 Qxb3 23. Rxb3 Rc7 24. Rbd3 Re8 25. h3 Kf8 26. Rd4 Re5 27. Rd8+ Re8 28.
Kh2 Rxd8 29. Rxd8+ 29... Ke7 {- Bagirov,V-Lutikov,A/Riga 1975/MCD (29)}) (7...
Nc6 8. e3 Bg4 (8... h6 9. Bxf6 Qxf6 10. Rc1 O-O 11. Bb5 Rd8 12. Bxc6 bxc6 13.
Qd4 Rb8 14. Qxf6 gxf6 15. Nd4 Bd7 16. Nb3 a5 17. O-O Bxc3 18. Rxc3 a4 19. Nd4
Rxb2 20. a3 Rdb8 21. h3 Rd2 22. Rfc1 Rbb2 23. R1c2 Rbxc2 24. Rxc2 Rd3 25. Rb2
Rxa3 26. Rb8+ Kg7 27. Rd8 Ra1+ 28. Kh2 Be6 29. Rd6 Rc1 30. Rxc6 a3 31. Ra6 Rxc5
32. Rxa3 Rc7 33. Ra6 Re7 34. Rd6 Kg6 35. Kg3 Kg5 36. h4+ Kg6 37. Ne2 Kf5 38.
Rd8 Ke4 39. Rh8 Rc7 40. Rxh6 Rc2 41. Nd4 {
1-0 Zichichi,A-Hess,R/Wiesbaden 1981/MCD (41)}) 9. Be2 h6 10. Bxf6 Qxf6 11. O-O
O-O-O 12. Rc1 Bxc5 13. Nxd5 Qd6 14. Qa4 Be6 15. Nf4 Kb8 16. Nxe6 fxe6 17. Rfd1
Qe7 18. Bb5 Rxd1+ 19. Rxd1 Rc8 20. Qf4+ Ka8 21. Qe4 a6 22. Bc4 e5 23. a3 Ka7
24. h3 Bd6 25. Nh4 Bb8 26. Nf3 Nd8 27. Bd5 Bd6 28. Qd3 Bb8 29. Nd2 Ne6 30. Qf5
Re8 31. Bxe6 Qxe6 32. Qxe6 Rxe6 33. Rc1 Rb6 34. Rc2 Bd6 35. Kf1 Kb8 36. Ke2 Bc7
37. Kd3 Rg6 38. g3 Rf6 39. Ne4 Rb6 40. Nc3 h5 41. Nd5 {
1-0 Khalifman,A-Orlov,V/St.Petersburg 1996/CBM 56/[Ribli] (41)}) 8. bxc3 Nbd7
9. c4 $11 (9. Qd4 $5 $16) 9... Qa5+ 10. Bd2 Qxc5 11. cxd5 O-O 12. Qb3 Nxd5 13.
Rc1 Qd6 14. e4 Re8 15. Ng5 N7f6 16. Bb5 Re7 17. O-O Rxe4 (17... Nxe4 $2 18.
Rxc8+ $1 {die Entscheidung} 18... Rxc8 19. Qh3 $18) 18. Nxe4 Nxe4 19. Qd3 Bf5
20. Bc4 20... Nxd2 $2 $18 (20... Nb6 $5 $142 21. Qxd6 21... Nxd6 $16) 21. Qxd2
(21. Qxf5 {bringt nichts} 21... Nxf1 22. Bxf1 Qe6 23. Qxe6 23... fxe6 $15)
21... Be6 22. Rfd1 Rd8 23. Bxd5 h6 24. Bxe6 (24. Qa5 $5 $142 {
damit wuerde Weiss es sich noch erleichtern} 24... b6 25. Qa6 25... Bxd5 $18)
24... Qxd2 {Es droht Matt} 25. Rxd2 Rxd2 26. Bb3 Rd7 27. g3 g5 28. Kg2 Kg7 29.
Kf3 h5 30. Rc5 Kg6 31. Bc2+ Kh6 32. h3 Re7 33. Bd3 f6 34. Rd5 a6 (34... b6 35.
h4 gxh4 36. gxh4 $18) 35. Rd6 Kg7 36. Be4 Rc7 37. Rb6 Rc3+ 38. Kg2 Ra3 39.
Rxb7+ Kf8 40. Bd5 Ra5 41. Bb3 Rf5 42. Bc4 a5 43. Bf7 g4 44. hxg4 hxg4 45. Be6
Re5 46. Bxg4 Ke8 47. f4 Rd5 48. Be6 Rd6 49. f5 Rd2+ 50. Kh3 Rd1 51. Rf7 Rh1+
1-0

[Event "ICS Rated bullet match"]
[Site "204.178.125.65"]
[Date "1999.08.20"]
[Round "?"]
[White "JSBach"]
[Black "Hossa"]
[Result "0-1"]
[WhiteElo "2157"]
[BlackElo "2314"]
[Annotator "Fritz 5.32 (15s)"]
[PlyCount "40"]

1. e4 1... e5 {Opening = C20 - 2.---} 2. Qh5 Nc6 3. Bc4 g6 4. Qf3 Nf6 5. Qb3 $2
$19 (5. d3 Bg7 (5... Bb4+ 6. c3 Bc5 7. Bg5 Be7 8. Bxf6 Bxf6 9. Nh3 O-O 10. O-O
Na5 11. Nd2 Nxc4 12. Nxc4 d6 13. a3 Be6 14. Nd2 g5 15. g4 d5 16. Kh1 h5 17. Ng1
hxg4 18. Qe2 d4 19. cxd4 Qxd4 20. Rfb1 b5 21. Qe3 Qxe3 22. fxe3 Rfd8 23. d4
exd4 24. exd4 Rxd4 25. Rd1 b4 26. Ne2 26... Rd3 {
0-1 Gajdosik,A-Meisel,T/Zilina 1997/EXT 99 (26)}) 6. c3 O-O 7. Bg5 d6 8. Bh4
Bg4 9. Qe3 Qd7 10. h3 Be6 11. Na3 d5 12. exd5 Bxd5 13. Bxd5 Qxd5 14. f3 Rfe8
15. b4 e4 16. Kf2 exd3 17. Qd2 Re6 18. Bg3 Rae8 19. Kf1 Qd7 20. Nb5 Nd5 21. c4
Ne3+ 22. Kf2 Nxc4 23. Qd1 Re2+ 24. Nxe2 Rxe2+ 25. Kf1 Ne3+ 26. Kg1 26... Rxg2#
{0-1 Kocur,J-Seitler,A/Zilina 1997/EXT 99 (26)}) (5. Nc3 Na5 6. d3 Nxc4 7. dxc4
d6 8. h3 Be6 9. b3 Qd7 10. Bg5 Be7 11. Bxf6 Bxf6 12. Qxf6 Rg8 13. Nf3 b6 14.
O-O c6 15. Ng5 h6 16. Nxe6 fxe6 17. Rad1 Rf8 18. Qxg6+ Ke7 19. Qg7+ 19... Rf7 {
Jaros,B-Glatz,M/Zilina 1997/EXT 99/1-0 (33)}) (5. Ne2 $11 $142 {
damit waere Weiss im Spiel geblieben}) 5... Nd4 $1 {
die Entscheidung. Schwarz haelt das Heft fest in der Hand} (5... Nxe4 {
ist schnell zu verwerfen} 6. Bxf7+ Ke7 7. Nf3 $14) 6. Qd3 $19 (6. Bxf7+ Ke7 7.
Qc4 7... b5 $19 (7... Nxe4 $6 8. Bd5 Nd6 9. Qd3 $11)) 6... d5 7. exd5 $2 (7.
Bb3 $142 7... Nxe4 8. Ba4+ c6 9. c3 $19) 7... Bf5 (7... Nxd5 $6 {
ist deutlich schlechter} 8. Bb3 $17) 8. Qc3 Nxc2+ (8... Bb4 {ist genauer} 9.
Bb5+ {Weiss kann das gewonnene Material nicht behalten} 9... Nd7 10. Qc4 Nxc2+
11. Kf1 Nxa1 12. Qxb4 Bxb1 13. Qc3 $19) 9. Kd1 Nxa1 10. Qxe5+ (10. d3 {
aendert den traurigen Lauf der Dinge nicht} 10... Ng4 11. Nh3 Rb8 12. Bb5+ Bd7
13. Bxd7+ 13... Qxd7 $19) 10... Qe7 11. Qxe7+ Bxe7 12. Nc3 Ng4 13. Nh3 O-O 14.
Nb5 Ne5 15. Nxc7 (15. d3 {bietet noch letzte Rettungschancen} 15... c6 16. Nc3
$19) 15... Rac8 $1 {entscheidend} 16. Nb5 (16. Be2 {aendert nichts mehr} 16...
Bc2+ 17. Ke1 17... Rxc7 $19) 16... Rxc4 {Droht Matt: Bc2} 17. b3 (17. Nc3 $19 {
bot noch bessere Widerstandsmoeglichkeiten}) 17... Bc2+ 18. Ke2 Re4+ 19. Kf1 {
Wenn Weiss jetzt zu g3 kaeme...} 19... Bd3+ 20. Kg1 Re1# 0-1

[Event "ICS Rated blitz match"]
[Site "204.178.125.65"]
[Date "1999.08.20"]
[Round "?"]
[White "Hossa"]
[Black "StrongBach"]
[Result "1-0"]
[WhiteElo "2447"]
[BlackElo "1890"]
[Annotator "Fritz 5.32 (15s)"]
[PlyCount "71"]

1. d4 1... Nf6 {Opening = D85 - 4.cd5 Nd5 5.e4 Nc3 6.bc3 Bg7 7.---} 2. c4 g6 3.
Nc3 d5 4. cxd5 Nxd5 5. e4 Nf6 (5... Nxc3 6. bxc3 b6 (6... c6 7. Bc4 b5 8. Bb3
Bg7 9. Ne2 O-O 10. O-O Nd7 11. f4 e6 12. Qd3 Nf6 13. Ng3 c5 14. Qd1 cxd4 15. e5
Nd7 16. cxd4 Nb6 17. Ba3 Re8 18. Ne4 Qd7 19. Nd6 Rd8 20. Bc5 Bb7 21. Rc1 {
Vitartaite,A-Echeverria,G/Szeged 1994/TD/0-1 (64)}) 7. Bb5+ c6 8. Bc4 b5 9. Bb3
Bb7 10. Nf3 e6 11. O-O Bg7 12. Ba3 Na6 13. Qe2 Qb6 14. Bd6 c5 15. e5 c4 16. Bc2
Nc7 17. Ng5 Rd8 18. a4 a6 19. axb5 Nxb5 20. Bc5 {
Rashkovsky,N-Smyslov,V/Moscow 1973/URS-ch/ - (58)}) 6. Qa4+ $146 (6. Bc4 Bg7 7.
Nge2 O-O (7... Nbd7 8. e5 Ng4 9. e6 fxe6 10. Nf4 Nb6 11. Bxe6 Nh6 12. O-O Qxd4
13. Qb3 Be5 14. Rd1 Qc5 15. Bxc8 Bxf4 16. Bxf4 Rxc8 17. Bxh6 Rd8 18. Bg7 {
1-0 Kovacs,L-Nagy,L/Kobanya 1993/EXT 98 (18)}) 8. O-O Nc6 9. f3 Nxd4 10. Qxd4
Qxd4+ 11. Nxd4 Nxe4 12. Nce2 Nd6 13. Bd3 Rd8 14. Nb5 c6 15. Nbc3 Ne8 16. Bc2
Be6 17. Be3 Nd6 18. Rad1 a6 19. b3 Rac8 20. Bb6 Rd7 21. Na4 Nf5 22. Rxd7 Bxd7
23. Rd1 Be6 24. Nf4 a5 25. Nxe6 fxe6 26. Kf2 Rf8 27. g3 Nd6 28. Kg2 h5 29. Bd4
Bxd4 30. Rxd4 e5 31. Rd2 Kg7 32. Nb6 Kh6 33. Nd7 Rf7 34. Nxe5 Rf6 35. h4 Nf7
36. Nxf7+ Rxf7 37. Rd7 b6 38. Be4 c5 39. Rb7 Rf6 40. Rxe7 40... Rd6 {
Moheni,A-Clarke,C/Dubai 1986/TD/1-0 (52)}) 6... Bd7 7. Qb3 Qc8 8. Bc4 8... e6 {
Deckt d5} 9. Nge2 Be7 10. O-O (10. e5 10... Nh5 $16) 10... c6 $16 {
Ueberdeckt b5} (10... Nc6 11. Bb5 $11) 11. Bd3 O-O 12. Bh6 Rd8 13. f3 $14 (13.
Bg5 $5 $16) 13... Ne8 14. Rac1 14... Nc7 $16 (14... c5 15. Be3 $14) 15. Kh1
Nba6 16. Nd1 Nb4 17. Bb1 Rb8 18. Nf2 Nb5 19. a3 Na6 20. a4 Nd6 21. Qe3 Qc7 22.
Qd2 Rdc8 23. Kg1 b6 24. Bd3 Qb7 25. a5 (25. Bg5 Bxg5 26. Qxg5 26... Nb4 $14)
25... Bf8 $16 (25... c5 $5 $14 $142 {kommt in Betracht}) 26. Bxf8 Rxf8 27. Qf4
Nb5 28. Qf6 28... bxa5 $18 (28... h5 $5 $16 $142) 29. Ng4 {Droht Matt} 29... h5
30. Nh6+ Kh7 31. Nxf7 {Mit der Mattdrohung e5} 31... Nb4 $4 {
macht die Sache nur schlimmer} (31... e5 32. Bc4 c5 33. dxe5 33... Qc6 $18) 32.
Nf4 Rg8 33. Nxh5 $1 {das wars} 33... Nd5 34. exd5 exd5 35. Qg7+ Rxg7 36. Nf6#
1-0

[Event "ICS Rated blitz match"]
[Site "204.178.125.65"]
[Date "1999.08.20"]
[Round "?"]
[White "drainUbrain"]
[Black "Hossa"]
[Result "0-1"]
[WhiteElo "2282"]
[BlackElo "2472"]
[Annotator "Fritz 5.32 (15s)"]
[PlyCount "146"]

1. b3 1... Nf6 {Opening = A08 - 2.g3 c5 3.Bg2} 2. Bb2 d5 3. Nf3 c5 4. g3 Nc6 5.
Bg2 e6 6. O-O Be7 7. d3 (7. d4 b6 8. c4 dxc4 9. Ne5 Nxe5 10. Bxa8 Ng6 11. dxc5
O-O 12. Qxd8 Rxd8 13. cxb6 axb6 14. bxc4 Ba6 15. Bf3 Bxc4 16. Ba3 Bxa3 17. Nxa3
Ba6 18. Rfd1 Rb8 19. Rab1 h6 20. Rd6 e5 21. Rdxb6 {
1-0 Gonzalez,L-Salas,L/ESP-chW 1996/EXT 99 (21)}) 7... O-O 8. Nbd2 8... d4 $146
{Schwarz engt den Gegner ein} (8... Qc7 9. Re1 (9. e3 e5 10. c4 e4 11. dxe4
dxe4 12. Ng5 Bg4 13. Qc2 Nb4 14. Qc3 Nd3 15. Ndxe4 Nxb2 16. Qc2 Nxe4 17. Qxe4
Bxg5 18. Qxg4 Bf6 19. Qe2 Rad8 20. Be4 Qa5 21. Bxb7 Rd2 22. Qh5 Nd3 23. Rad1
23... Ne5 {Rezai Perdomo,Y-Ballhause,G/GER-chJW U15 1995/Juniors/0-1 (55)})
9... Rd8 10. c3 e5 11. Qc2 h6 12. Rac1 Be6 13. e4 d4 14. cxd4 exd4 15. a3 a5
16. Nh4 b5 17. Nf5 Bf8 18. Nf3 Qb6 19. Nd2 Rac8 20. a4 Nb4 21. Qb1 bxa4 22.
bxa4 Ba2 23. Nc4 {Goddard,M-Aaro,R/Molde 1990/EXT 99/0-1 (37)}) (8... Nd7 9. e4
Bf6 10. Bxf6 Qxf6 11. Ne1 Qd4 12. Kh1 Nf6 13. Nef3 Qc3 14. Rc1 Qa5 15. a4 d4
16. Nc4 Qc7 17. Ng1 a6 18. f4 b5 19. e5 Nd5 20. Bxd5 exd5 21. Nd6 bxa4 22. bxa4
Bd7 23. Qh5 Nb4 24. Nf3 f6 25. g4 Bxa4 26. g5 fxe5 27. g6 hxg6 28. Qh3 28...
Bd7 {0-1 Huppertz,A-Hausmann,I/Leipzig 1995/EXT 97 (28)}) 9. c4 e5 10. a3 {
Kontrolliert b4} 10... Ng4 11. Rb1 11... f6 {Staerkt g5} 12. Bc1 a6 13. h3 Nh6
14. Ne4 Nf7 15. g4 f5 16. gxf5 Bxf5 17. Ng3 Be6 18. Bd2 Qd7 19. Kh2 Rad8 20. b4
{Der thematische Vorstoss} 20... Rc8 21. b5 {Raumvorteil} 21... axb5 22. Rxb5
Ra8 23. Qb1 Rxa3 24. Rxb7 Qe8 25. Qb6 $15 (25. Qb2 25... Ra7 $11) 25... Nfd8
26. Rb1 $2 $19 (26. Ng5 $142 {und Weiss spielt mit} 26... Bd7 27. Qb2 Bxg5 28.
Bxg5 $15) 26... Nxb7 27. Qxb7 Rf7 28. Qb6 Bc8 29. Ne4 Ra6 30. Qb2 Ra8 31. Qc1
Bf5 32. Neg5 Rf8 33. Rb7 Ra2 34. h4 Qc8 (34... Qh5 35. Kg1 $19) 35. Rb2 (35.
Qb1 Bd6 36. Ne4 Bxe4 37. dxe4 Rxf3 38. Qxa2 38... Rxf2 $19 (38... Qxb7 $6 {
ist naheliegend und schlecht} 39. Bxf3 Nb4 40. Qa5 $15)) 35... Rxb2 36. Qxb2
Bg4 (36... h6 {und Schwarz haette es noch leichter} 37. Ne4 $19) 37. Qb6 h6 (
37... Qd7 $5 38. Ng1 Rxf2 39. Be1 $19) 38. Ne4 38... Bxf3 $17 (38... Qa8 39.
Nxc5 Rb8 40. Qc7 $19) 39. Bxf3 Bxh4 40. Qxc5 Be7 41. Qd5+ Kh8 42. Nd6 $19 (42.
Ng3 $5 $142 42... Bh4 43. Nh5 $17) 42... Bxd6 43. Qxd6 Rf6 44. Qd5 Qf8 45. Be1
Qb8 46. Kg2 Qb1 47. Kf1 Qb3 48. Qd7 Rxf3 49. exf3 $2 $19 (49. Qxc6 $5 $142
49... Rf8 50. f3 $17) 49... Qxd3+ 50. Kg2 Qxc4 51. Qc8+ Kh7 52. Qf5+ g6 53.
Qd7+ Kg8 54. Qe8+ Kg7 55. f4 (55. Qd7+ Kf6 56. Qd6+ Kf7 57. Bd2 $19) 55... exf4
56. Qd7+ Kf6 57. Bd2 Ne5 58. Qd8+ Kf5 59. Qf8+ Nf7 60. Qe7 Qd5+ 61. f3 g5 62.
Bb4 (62. Qf8 {macht keinen grossen Unterschied} 62... d3 $19) 62... g4 63. Kh2
(63. Kg1 {kann das Vorangegangene nicht ungeschehen machen} 63... gxf3 64. Bd2
64... Kg4 $19) 63... gxf3 {
Droht Matt. Schwarz zwingt den Gegner mit starken Drohungen nieder} 64. Qe1 (
64. Kg1 Kg4 65. Be1 65... Ng5 $19) 64... Qa2+ 65. Bd2 (65. Qd2 Qc4 66. Ba3 Qe2+
67. Qxe2 67... fxe2 $19) 65... Ne5 66. Kh3 (66. Kh1 $19 {
haette noch versucht werden koennen}) 66... Nc4 (66... Qg8 67. Qf2 Qg4+ 68. Kh2
Nd3 69. Qf1 Qg3+ 70. Kh1 Nf2+ 71. Qxf2 Qxf2 72. Bxf4 Qg2#) 67. Qe8 (67. Qf2
Qxd2 68. Qxf3 Ne5 69. Qh5+ 69... Ke4 $19) 67... Nxd2 68. Qd7+ Ke4 (68... Qe6
69. Qg7 f2 70. Kh4 Qf6+ 71. Qxf6+ Kxf6 72. Kh5 f1=Q 73. Kg4 Qf3+ 74. Kh4 Qg3+
75. Kh5 Qg5#) 69. Qb7+ 69... Ke3 {Droht Matt: Qe6} 70. Kh4 f2 71. Qe7+ 71...
Ne4 {Es droht Matt} 72. Qe6 (72. Kh5 {aendert nichts am Ausgang der Partie}
72... f1=Q 73. Qa3+ Qxa3 74. Kg6 Qg2+ 75. Kf7 Qd6 76. Ke8 Qgg6#) 72... Qxe6 73.
Kh5 Kf3 (73... Kf3 74. Kh4 Qg4#) 0-1

[Event "ICS Rated blitz match"]
[Site "204.178.125.65"]
[Date "1999.08.20"]
[Round "?"]
[White "Hossa"]
[Black "PostModernist"]
[Result "0-1"]
[WhiteElo "2480"]
[BlackElo "2620"]
[Annotator "Fritz 5.32 (15s)"]
[PlyCount "182"]

1. d4 1... d5 {Opening = D10 - 3.---} 2. c4 c6 3. Nc3 Nf6 4. cxd5 cxd5 5. f3
$146 {Verwehrt dem Gegner e4+g4} (5. g3 e6 (5... Bf5 6. Bg2 e6 7. Nf3 h6 8. Ne5
Bd6 9. Qa4+ Nbd7 10. Bf4 Be7 11. O-O O-O 12. f3 Nxe5 13. dxe5 Nd7 14. g4 Bh7
15. Kh1 Nc5 16. Qd4 Qb6 17. Be3 Nd7 18. Qd2 Bc5 19. Bf4 Rfd8 20. Na4 Qb4 21.
Nxc5 Qxd2 22. Bxd2 Nxc5 23. Rac1 Rac8 24. Rfd1 Nd7 25. f4 25... Nc5 {
- Horvath,P-Gemesi,A/Nagykanizsa 1993/EXT 97 (25)}) (5... Nc6 6. Nh3 Bf5 7. Nf4
e6 8. e3 Be7 9. Be2 h6 10. O-O O-O 11. Bd2 Rc8 12. Nd3 Ne4 13. Nxe4 dxe4 14.
Ne5 Nxe5 15. dxe5 Qb6 16. Bc3 Bh3 17. Re1 Bb4 18. Bxb4 Qxb4 19. Qb3 Qxb3 20.
axb3 {Burgalat,F-Incutto,C/Buenos Aires 1952/EXT 99/1-0 (59)}) 6. Bg2 Nbd7 7.
Nf3 Be7 8. O-O Nb6 9. e3 O-O 10. Qe2 Bd7 11. b3 Rc8 12. Bb2 Bb4 13. Rfc1 Rc7
14. Ne5 Be8 15. Nb5 Rxc1+ 16. Rxc1 a6 17. Nc3 Nfd7 18. Nd3 Be7 19. e4 19...
dxe4 {Johansen,M-Robu,I/Szombathely 1993/TD/1-0 (60)}) (5. e3 e6 6. Bd3 Nc6 7.
f4 Nd7 8. Nf3 f5 9. O-O Be7 10. Ne5 O-O 11. g4 Ndxe5 12. fxe5 g6 13. gxf5 gxf5
14. Qh5 Bd7 15. Kh1 Qe8 16. Qh6 Kh8 17. Rg1 Rg8 18. Bd2 Qf7 19. Ne2 Rxg1+ 20.
Rxg1 Rg8 21. Rxg8+ Qxg8 22. Qh3 Qf7 23. Qh6 Qg8 24. Qh3 Qf7 25. Qh6 25... Qg8 {
- Van der Lijn,D-Krabbe,T/Amsterdam 1964/MCD (25)}) 5... e6 6. Bg5 Be7 7. Rc1
Nc6 8. e3 O-O 9. Bb5 a6 10. Bxc6 10... bxc6 {Befestigt b5} 11. Nge2 Rb8 12. Qd2
Bd7 13. e4 dxe4 14. fxe4 Ng4 15. Bxe7 Qxe7 16. h3 Nf6 17. e5 {
Weiss gewinnt Raum} 17... Nd5 {Ein gutes Feld fuer den Springer} 18. O-O Rfe8
19. Rf3 Qh4 20. Nxd5 exd5 21. Rcc3 {Der Turm plant Tc1-c3-c2-c5} 21... Rb7 22.
b3 Qe7 23. Rc2 Rbb8 24. Qa5 Ra8 25. Rc5 {Der Turm ist hier stark postiert}
25... Qh4 26. Rf2 Qe4 27. Qd2 Rad8 28. Rf3 Rb8 29. Nc3 Qh4 30. Rf1 Qg3 (30...
Re6 31. Ne2 $11) 31. Rf2 Qg6 32. Kh1 Bf5 33. Qe3 Rb6 34. Rf4 Rb4 35. Qf3 Bd7
36. Qf2 Rbb8 37. Rf3 Rb7 38. Kg1 Rbb8 39. Qf1 Rb6 40. Kh1 Rd8 41. Qf2 Re8 42.
Kh2 42... Qe6 $16 (42... Bc8 43. Rg3 Qf5 44. Qd2 $16) 43. Kg1 Rb4 44. Qd2 Reb8
45. Rf2 Qg6 46. Kh1 R4b7 47. Qe3 Re8 48. Qf3 Rb4 49. Ne2 Re7 50. Qc3 {
Richtet die Aufmerksamkeit auf den rueckstaendigen Bauern} 50... Rb8 51. Qg3
Qxg3 52. Nxg3 Rb4 53. Rd2 Re6 54. Nh5 54... Re8 $14 (54... f6 55. Nf4 Re8 56.
e6 Bxe6 57. Rxc6 $14) 55. g4 Rb5 56. Rcc2 c5 57. Rxc5 Rxc5 58. dxc5 {
Dieser Freibauer bestimmt das Geschehen} 58... Rxe5 59. b4 f5 60. g5 Bc6 61.
Kh2 61... Re4 {Schwarz erhaelt starke Initiative} 62. a3 Kf7 63. Ng3 Re5 64.
Re2 (64. Ne2 64... Re3 $14) 64... Ke6 65. h4 $15 (65. Rf2 g6 66. Ne2 66... Re4
$11) 65... f4 66. Rxe5+ Kxe5 67. Nh5 $4 $19 (67. Nh1 $15 $142 {
ist gerade noch spielbar}) 67... d4 68. b5 (68. Ng3 fxg3+ 69. Kxg3 69... d3 $19
) 68... axb5 {Schwarz droht stark d3} ({Nicht} 68... Bxb5 69. g6 hxg6 70. a4
$19) 69. Kg1 (69. Ng3 fxg3+ 70. Kxg3 70... d3 $19) 69... d3 {Es droht Matt} 70.
Kf2 d2 (70... Kd4 $5 {gibt noch groesseren Vorteil} 71. g6 hxg6 72. Nxf4 $19)
71. Ke2 Bf3+ 72. Kxd2 Bxh5 73. c6 Kd6 74. c7 Kxc7 75. Kd3 f3 76. Ke3 Kb6 77.
Kf2 (77. g6 hxg6 78. Kf2 $19) 77... Ka5 78. g6 hxg6 79. Ke1 Ka4 80. Kf2 Kxa3
81. Kg3 b4 82. Kf2 b3 83. Ke3 b2 84. Kf2 (84. Kd4 {hilft allerdings auch nicht}
84... f2 85. Kc3 f1=Q 86. Kd4 Qf5 87. Kc4 b1=Q 88. Kd4 Qbd3#) 84... b1=Q 85.
Ke3 Qb6+ 86. Kd3 (86. Ke4 {hilft auch nicht mehr} 86... f2 87. Ke5 f1=Q 88. Kd5
Qd3+ 89. Ke5 Qbe3#) 86... Qd6+ (86... f2 87. Kc4 f1=Q+ 88. Kd5 Qd3+ 89. Ke5
Qbe3#) 87. Ke3 (87. Kc3 {holt die Kuh nicht vom Eis} 87... f2 88. Kc2 f1=Q 89.
Kc3 Qfd3#) 87... Qe5+ 88. Kd2 (88. Kf2 {nuetzt auch nichts mehr} 88... Qd4+ 89.
Kg3 Qd2 90. Kh3 Qg2#) 88... Kb2 (88... f2 89. Kc2 f1=Q 90. Kd2 Qd1#) 89. Kd3
Kb3 90. Kd2 Qe2+ 91. Kc1 Qe1# (91... Qc2#) 0-1

[Event "ICS Rated blitz match"]
[Site "204.178.125.65"]
[Date "1999.08.20"]
[Round "?"]
[White "PostModernist"]
[Black "Hossa"]
[Result "1-0"]
[WhiteElo "2630"]
[BlackElo "2470"]
[Annotator "Fritz 5.32 (15s)"]
[PlyCount "57"]

1. Nf3 1... b6 {Opening = A04 - 1.Nf3 ---} 2. c4 2... c6 $146 (2... e5 3. Nc3 {
- Pihlajasalo,A-Mas,H/Budapest 1997/EXT 99 (3)}) (2... f5 3. e4 fxe4 4. Ng5 Bb7
5. d3 Nf6 6. Nc3 e5 7. Ngxe4 Bb4 8. Bg5 O-O 9. Nxf6+ gxf6 10. Bh6 Re8 11. Qg4+
Kf7 12. O-O-O Bxc3 13. bxc3 Rg8 14. Qh5+ Ke7 15. d4 Qe8 16. Qh4 d6 17. dxe5 {
Eklund,L-Persson,J/Lidkoeping 1994/EXT 98/1-0 (29)}) 3. e4 d5 4. cxd5 {
Weiss erobert Raum. Weiss erhaelt Koenigsangriff} 4... cxd5 5. Bb5+ Bd7 6.
Bxd7+ Qxd7 7. exd5 Qxd5 8. Qe2 Nc6 9. Nc3 Qd7 10. d4 10... Nxd4 $2 $18 (10...
Nf6 $11 $142 {und Schwarz kann noch kaempfen}) 11. Nxd4 Qxd4 12. O-O $4 $11 {
vergibt den sicheren Gewinn} (12. Nb5 $142 {entschiede die Partie sofort} 12...
Qd7 13. Bf4 $18) 12... Qc5 13. Rd1 {Weiss verhindert die lange Rochade} 13...
e6 {Verwehrt dem Gegner d5} 14. Ne4 Qc6 15. Bg5 15... Be7 $16 (15... a6 $5 $14
{ist zu beachten}) 16. Bxe7 Kxe7 (16... Nxe7 $4 17. Rac1 Qxc1 18. Rxc1 $18) 17.
Rac1 Qb7 18. Nd6 Qb8 19. Qe5 f6 20. Nf5+ Kf8 21. Qxe6 {Es droht Matt.} 21...
Qe5 22. Rc8+ Rxc8 23. Qxc8+ Kf7 24. Qc4+ Ke8 25. Nd6+ Qxd6 26. Rxd6 {
Mit der Mattdrohung Qe6} 26... Ne7 {
Mit Rf8 waere Schwarz nun aus dem Groebsten heraus} 27. Qe6 f5 (27... Rf8 {
aendert den traurigen Lauf der Dinge nicht} 28. Rd7 Rf7 29. Rxa7 Kf8 30. Ra8+
Nc8 31. Rxc8#) 28. Rd7 h6 (28... a6 {aendert nichts mehr} 29. Qxe7#) 29. Qxe7#
1-0

[Event "ICS Rated bullet match"]
[Site "204.178.125.65"]
[Date "1999.08.20"]
[Round "?"]
[White "Hossa"]
[Black "TheComputer"]
[Result "0-1"]
[WhiteElo "2323"]
[BlackElo "2422"]
[PlyCount "82"]

1. d4 Nf6 2. c4 e6 3. Nc3 Bb4 4. Bg5 h6 5. Bh4 c5 6. d5 b5 7. Qc2 bxc4 8. e4
exd5 9. exd5 Qe7+ 10. Kd1 g5 11. Bg3 Nxd5 12. Ne4 Nb6 13. a3 Ba5 14. Nd6+ Kd8
15. Nf3 Qe6 16. Bxc4 Nxc4 17. Nxc4 Nc6 18. Nxa5 Nxa5 19. Qxc5 Qb3+ 20. Kc1 Qb6
21. Qxb6+ axb6 22. Be5 Nb3+ 23. Kd1 Re8 24. Bf6+ Kc7 25. Ra2 Bb7 26. Ne1 Re6
27. Bg7 Be4 28. f4 gxf4 29. Nf3 Bb1 30. Nd4 Nxd4 31. Ra1 Bc2+ 32. Kc1 f6 33.
Bxh6 Re2 34. Bxf4+ Kd8 35. b4 Be4 36. a4 Rxg2 37. Be3 Rc8+ 38. Kd1 Bf3+ 39. Ke1
Nc2+ 40. Kf1 Nxe3+ 41. Ke1 41... Re2# {Hossa checkmated} 0-1

[Event "ICS Rated standard match"]
[Site "204.178.125.65"]
[Date "1999.08.20"]
[Round "?"]
[White "heatstroke"]
[Black "Hossa"]
[Result "1-0"]
[WhiteElo "2556"]
[BlackElo "2217"]
[PlyCount "69"]

1. d4 d5 2. Nf3 Bg4 3. Ne5 Bf5 4. c4 f6 5. Nf3 dxc4 6. Nc3 Bg4 7. e3 Nc6 8.
Bxc4 e6 9. h3 Bxf3 10. Qxf3 Qd7 11. Qe4 Nd8 12. d5 e5 13. O-O Bd6 14. Bb5 c6
15. dxc6 Nxc6 16. Rd1 Rc8 17. Qc4 Nge7 18. Ne4 Nf5 19. g4 Qc7 20. Qe6+ Be7 21.
Qxf5 Rd8 22. Rxd8+ Qxd8 23. Qe6 Qd1+ 24. Kg2 Qd7 25. Nd6+ Qxd6 26. Qc8+ Bd8 27.
Qxb7 O-O 28. Qxc6 Qe7 29. Bd2 f5 30. Qc4+ Rf7 31. Bb4 Qf6 32. Be8 fxg4 33.
Bxf7+ Qxf7 34. Qxf7+ Kxf7 35. hxg4 {Hossa resigns} 1-0

[Event "ICS rated blitz match"]
[Site "204.178.125.65"]
[Date "1999.08.20"]
[Round "?"]
[White "Hossa"]
[Black "Didy"]
[Result "1-0"]
[WhiteElo "2459"]
[BlackElo "2017"]
[PlyCount "40"]

1. d4 Nf6 2. c4 c5 3. d5 e5 4. Nc3 d6 5. e4 Na6 6. Bd3 Be7 7. Nge2 Nc7 8. O-O
Rb8 9. Qa4+ Bd7 10. Qxa7 b5 11. Nxb5 Nxb5 12. cxb5 Bxb5 13. Bxb5+ Rxb5 14. f4
exf4 15. Nc3 Rb4 16. a3 Rd4 17. Bxf4 O-O 18. Rae1 Nd7 19. Nb5 Rd3 20. Nxd6
20... Bxd6 {Didy resigns} 1-0

[Event "ICS rated blitz match"]
[Site "204.178.125.65"]
[Date "1999.08.20"]
[Round "?"]
[White "Didy"]
[Black "Hossa"]
[Result "0-1"]
[WhiteElo "2015"]
[BlackElo "2461"]
[PlyCount "50"]

1. e4 e5 2. Nf3 Nc6 3. Bb5 a6 4. Ba4 b5 5. Bb3 Bb7 6. O-O Nf6 7. Re1 Be7 8. c3
O-O 9. a4 Na5 10. Bc2 Nc6 11. axb5 axb5 12. Rxa8 Bxa8 13. Na3 Bxa3 14. bxa3 d5
15. exd5 Qxd5 16. a4 bxa4 17. Bxa4 e4 18. Bb3 Qc5 19. d4 Qxc3 20. Bd2 Qb2 21.
Ne5 Nxd4 22. Bc4 Nc2 23. Re2 Qxe5 24. Qxc2 Ng4 25. h3 25... Qh2+ {Didy resigns}
0-1